00313nam a2200133Ia 4500008004100000020001200041082002100053245002000074250000900094260002100103300003700124650001100161856000700172210430s9999 xx 000 0 und d a6/13/11 a543.086 B8631 I  aMichael E.Brown a211p aChapman and Hall aIntroduction to Thermal Analysis aLondon uBK